| 000 | 00543nam a2200181Ia 4500 | ||
|---|---|---|---|
| 001 | 19856 | ||
| 005 | 20260306172723.0 | ||
| 008 | 260306t2019||||xx |||||||||||||| ||spa|| | ||
| 041 | _aESP | ||
| 082 |
_a341.2 _bP27 |
||
| 100 |
_aPásara, Luis _eAUT |
||
| 245 | 0 |
_aTres claves de la justicia en el Perú: _bjueces, justicia y poder en el Perú. La enseñanza del derecho. Los abogados en la administración de justicia |
|
| 260 | _c2019 | ||
| 300 |
_a372 páginas : _c24 cm. |
||
| 650 | _aGEN | ||
| 654 | _aCDE | ||
| 942 |
_cLIB _dJUS _fJUS _2ddc _n |
||
| 999 |
_c19856 _d19856 |
||